<?xml version="1.0" encoding="UTF-8"?>
<record
    xmlns:xsi="http://www.w3.org/2001/XMLSchema-instance"
    xsi:schemaLocation="http://www.loc.gov/MARC21/slim http://www.loc.gov/standards/marcxml/schema/MARC21slim.xsd"
    xmlns="http://www.loc.gov/MARC21/slim">

  <leader>01205nam a22002537a 4500</leader>
  <controlfield tag="005">20170124103159.0</controlfield>
  <datafield tag="010" ind1=" " ind2=" ">
    <subfield code="a">B-236746</subfield>
  </datafield>
  <datafield tag="020" ind1=" " ind2=" ">
    <subfield code="c">90.00</subfield>
  </datafield>
  <datafield tag="035" ind1=" " ind2=" ">
    <subfield code="a">B-236746</subfield>
  </datafield>
  <datafield tag="037" ind1=" " ind2=" ">
    <subfield code="b">Cen Lib/Ret</subfield>
  </datafield>
  <datafield tag="040" ind1=" " ind2=" ">
    <subfield code="a">DPL</subfield>
    <subfield code="b">HN</subfield>
  </datafield>
  <datafield tag="082" ind1=" " ind2=" ">
    <subfield code="a">410</subfield>
    <subfield code="b">&#x916;&#x93E;&#x902;&#x92E;&#x941;&#x939; </subfield>
  </datafield>
  <datafield tag="100" ind1=" " ind2=" ">
    <subfield code="a">&#x916;&#x93E;&#x902;, &#x92E;&#x941;&#x939;&#x92E;&#x94D;&#x92E;&#x926; &#x907;&#x938;&#x930;&#x93E;&#x907;&#x932; </subfield>
    <subfield code="9">70930</subfield>
  </datafield>
  <datafield tag="245" ind1=" " ind2=" ">
    <subfield code="a">&#x938;&#x902;&#x938;&#x94D;&#x915;&#x943;&#x924; &#x915;&#x94B; &#x92E;&#x941;&#x938;&#x932;&#x92E;&#x93E;&#x928;&#x94B;&#x902; &#x915;&#x93E; &#x92F;&#x94B;&#x917;&#x926;&#x93E;&#x928; /</subfield>
    <subfield code="c">&#x92E;&#x941;&#x939;&#x92E;&#x94D;&#x92E;&#x926; &#x907;&#x938;&#x930;&#x93E;&#x907;&#x932; &#x916;&#x93E;&#x902;</subfield>
  </datafield>
  <datafield tag="246" ind1=" " ind2=" ">
    <subfield code="a">Sanskrit ko muslamanon ka yogdan /</subfield>
    <subfield code="b">by Muhammad Israil Khan </subfield>
  </datafield>
  <datafield tag="260" ind1=" " ind2=" ">
    <subfield code="a">&#x917;&#x93E;&#x91C;&#x93F;&#x92F;&#x93E;&#x92C;&#x93E;&#x926; </subfield>
    <subfield code="b">&#x928;&#x93F;&#x936;&#x93E; &#x92C;&#x941;&#x915; &#x938;&#x930;&#x94D;&#x935;&#x93F;&#x938; </subfield>
    <subfield code="c">2006</subfield>
  </datafield>
  <datafield tag="270" ind1=" " ind2=" ">
    <subfield code="a">&#x90F;&#x92B;/&#x921;&#x940;-56, &#x928;&#x92F;&#x93E; &#x915;&#x935;&#x93F;&#x928;&#x917;&#x930; </subfield>
    <subfield code="b">&#x917;&#x93E;&#x91C;&#x93F;&#x92F;&#x93E;&#x92C;&#x93E;&#x926; </subfield>
  </datafield>
  <datafield tag="300" ind1=" " ind2=" ">
    <subfield code="a">42&#x92A;&#x943;. </subfield>
    <subfield code="c">20&#x938;&#x947;&#x92E;&#x940;(&#x938;&#x91C;&#x93F;&#x932;&#x94D;&#x926;)</subfield>
  </datafield>
  <datafield tag="650" ind1=" " ind2=" ">
    <subfield code="a">&#x938;&#x902;&#x938;&#x94D;&#x915;&#x943;&#x924; -- &#x92E;&#x941;&#x938;&#x932;&#x92E;&#x93E;&#x928;&#x94B;&#x902; &#x915;&#x93E; &#x92F;&#x94B;&#x917;&#x926;&#x93E;&#x928; </subfield>
    <subfield code="9">88542</subfield>
  </datafield>
  <datafield tag="650" ind1=" " ind2=" ">
    <subfield code="a">&#x909;&#x930;&#x94D;&#x926;&#x942; &#x92D;&#x93E;&#x937;&#x93E; &#x92A;&#x930; &#x92A;&#x94D;&#x930;&#x92D;&#x93E;&#x935; &#x938;&#x902;&#x938;&#x94D;&#x915;&#x943;&#x924; </subfield>
    <subfield code="9">90898</subfield>
  </datafield>
  <datafield tag="650" ind1=" " ind2=" ">
    <subfield code="a">Sanskrit - the contribution of Muslims</subfield>
    <subfield code="9">90899</subfield>
  </datafield>
  <datafield tag="650" ind1=" " ind2=" ">
    <subfield code="a">Sanskrit influence on Urdu language</subfield>
    <subfield code="9">90900</subfield>
  </datafield>
  <datafield tag="942" ind1=" " ind2=" ">
    <subfield code="2">ddc</subfield>
    <subfield code="c">HN</subfield>
    <subfield code="h">410</subfield>
    <subfield code="m">&#x916;&#x93E;&#x902;&#x92E;&#x941;&#x939; </subfield>
  </datafield>
  <datafield tag="999" ind1=" " ind2=" ">
    <subfield code="c">120531</subfield>
    <subfield code="d">120531</subfield>
  </datafield>
  <datafield tag="952" ind1=" " ind2=" ">
    <subfield code="0">0</subfield>
    <subfield code="1">0</subfield>
    <subfield code="4">0</subfield>
    <subfield code="7">0</subfield>
    <subfield code="a">L</subfield>
    <subfield code="b">L</subfield>
    <subfield code="d">2015-09-23</subfield>
    <subfield code="e">Cen Lib/Ret</subfield>
    <subfield code="g">90.00</subfield>
    <subfield code="l">0</subfield>
    <subfield code="o">410 &#x916;&#x93E;&#x902;&#x92E;&#x941;&#x939;</subfield>
    <subfield code="p">B-236746</subfield>
    <subfield code="r">2015-09-23 00:00:00</subfield>
    <subfield code="t">1</subfield>
    <subfield code="v">90.00</subfield>
    <subfield code="w">2015-09-23</subfield>
    <subfield code="y">HN</subfield>
  </datafield>
</record>
